Professional English in use : (Record no. 12307)

MARC details
000 -LEADER
fixed length control field 01968cam a22003375a 4500
003 - CONTROL NUMBER IDENTIFIER
control field EG-ScBUE
005 - DATE AND TIME OF LATEST TRANSACTION
control field 20220703113717.0
008 - FIXED-LENGTH DATA ELEMENTS--GENERAL INFORMATION
fixed length control field 090708s2007 enka f 001 0 eng d
020 ## - INTERNATIONAL STANDARD BOOK NUMBER
International Standard Book Number 9780521685436 (pbk. : student's bk.)
040 ## - CATALOGING SOURCE
Original cataloging agency EG-ScBUE
Language of cataloging eng
Description conventions rda
Transcribing agency EG-ScBUE
Modifying agency EG-ScBUE
082 04 - DEWEY DECIMAL CLASSIFICATION NUMBER
Classification number 428.240246
Item number FAB
Edition number 22
100 1# - MAIN ENTRY--PERSONAL NAME
Personal name Fabré, Elena Marco,
Relator term author.
9 (RLIN) 14516
245 10 - TITLE STATEMENT
Title Professional English in use :
Remainder of title ICT,
Name of part/section of a work Intermediate to advanced /
Statement of responsibility, etc Elena Marco Fabré, Santiago Remacha Esteras.
246 34 - VARYING FORM OF TITLE
Title proper/short title Professional English in use ICT :
Remainder of title for computers and the internet
246 30 - VARYING FORM OF TITLE
Title proper/short title Intermediate to advanced
264 #1 - PUBLICATION, DISTRIBUTION, ETC. (IMPRINT)
Place of publication, distribution, etc Cambridge :
Name of publisher, distributor, etc Cambridge University Press,
Date of publication, distribution, etc 2007.
300 ## - PHYSICAL DESCRIPTION
Extent 118 pages :
Other physical details illustrations ;
Dimensions 25 cm
336 ## - CONTENT TYPE
Source rdacontent
Content type term text
Content type code txt
337 ## - MEDIA TYPE
Source rdamedia
Media type term unmediated
Media type code n
338 ## - CARRIER TYPE
Source rdacarrier
Carrier type term volume
Carrier type code nc
500 ## - GENERAL NOTE
General note Includes index.
520 ## - SUMMARY, ETC.
Summary, etc Professional English in Use ICT is suitable for intermediate to advanced level learners of English. The book covers a wide range of topics on Information Communications Technology including word processing, financial software and databases, multimedia applications, email, web design and Internet security. It presents and explains new words in context and shows learners how to use them. Primarily designed as a self-study reference and practice book, it can also be used to supplement classroom work. Easy to use and written in a clear style, this book will be invaluable for anyone needing to improve their ICT vocabulary for work, home or study.
650 #7 - SUBJECT ADDED ENTRY--TOPICAL TERM
Topical term or geographic name as entry element English language
Form subdivision Textbooks for foreign speakers.
Source of heading or term BUEsh
650 #7 - SUBJECT ADDED ENTRY--TOPICAL TERM
Topical term or geographic name as entry element English language
General subdivision Technical English
Form subdivision Problems, exercises, etc.
Source of heading or term BUEsh
650 #7 - SUBJECT ADDED ENTRY--TOPICAL TERM
Topical term or geographic name as entry element English language
General subdivision Business English
Form subdivision Problems, exercises, etc.
Source of heading or term BUEsh
651 ## - SUBJECT ADDED ENTRY--GEOGRAPHIC NAME
Source of heading or term BUEsh
653 ## - INDEX TERM--UNCONTROLLED
Resource For college Humanities: English
Arrived date list August2015
-- July2019
655 ## - INDEX TERM--GENRE/FORM
Form subdivision Reading book
9 (RLIN) 34232
700 1# - ADDED ENTRY--PERSONAL NAME
Personal name Remacha Esteras, Santiago,
Relator term author.
9 (RLIN) 14517
942 ## - ADDED ENTRY ELEMENTS (KOHA)
Source of classification or shelving scheme Dewey Decimal Classification
Koha item type Book - Borrowing
Holdings
Withdrawn status Lost status Source of classification or shelving scheme Damaged status Not for loan Collection code Home library Current library Shelving location Date acquired Source of acquisition Cost, normal purchase price Serial Enumeration / chronology Total Checkouts Full call number Barcode Date last seen Price effective from Koha item type
    Dewey Decimal Classification     Baccah Central Library Central Library Second Floor 09/07/2009   87.00 8050   428.240246 FAB 000017113 15/07/2025 09/07/2009 Book - Borrowing
    Dewey Decimal Classification     Baccah Central Library Central Library Second Floor 02/06/2010   90.00 10314   428.240246 FAB 000020970 15/07/2025 02/06/2010 NB - Book (Non borrowing)
    Dewey Decimal Classification     Baccah Central Library Central Library Second Floor 02/06/2010   90.00 10314   428.240246 FAB 000020969 15/07/2025 02/06/2010 Book - Borrowing